| 000 | 00480nam a22001937a 4500 | ||
|---|---|---|---|
| 003 | MPLRDC | ||
| 005 | 20220104161018.0 | ||
| 008 | 210129b ||||| |||| 00| 0 eng d | ||
| 020 | _a957-8361-42-4 | ||
| 082 | _a216.9 LSY-35 | ||
| 100 | _a卢胜彦 | ||
| 245 |
_a佛光掠影: 光明之心境 _c |
||
| 250 | _a初版 | ||
| 260 |
_a _b真佛宗 _c2000 |
||
| 300 | _b精 | ||
| 490 | _a卢胜彦文集. 第64册 | ||
| 650 | _a灵魂论; 来生论 | ||
| 942 |
_cBK _o216.9 LSY-35 |
||
| 999 |
_c55276 _d55266 |
||